Boal conta Boal / Joan Abellan
ISBN:
84-7794-769-4
Descripción Física:
207 p. : il col. ; 28 cm
Colección:
Premis d'honor ; 3
MARC
| LEADER | 00000nam a2200000Ia 4500 | ||
|---|---|---|---|
| 001 | 13058 | ||
| 008 | 160829s2001 xx 000 0 cat d | ||
| 020 | |a 84-7794-769-4 | ||
| 080 | |a B-1-380 | ||
| 100 | 1 | |a Abellán, Joan, |d 1946- |9 30606 | |
| 245 | |a Boal conta Boal / Joan Abellan | ||
| 260 | |a Barcelona : |b Institut del Teatre, |c 2001 | ||
| 300 | |a 207 p. : |b il col. ; |c 28 cm | ||
| 490 | |a Premis d'honor ; 3 | ||
| 590 | |a Text en català i castellà | ||
| 650 | |a Boal, Augusto |x Intervius |9 31596 | ||
| 650 | |a Directors i productors teatrals |x Brasil |9 31597 | ||
| 710 | 1 | |a Institut del Teatre (Barcelona, Catalunya) |9 52662 | |
| 901 | |a Arxiu | ||
| 942 | |n 1 | ||
| 952 | |0 0 |1 0 |4 0 |6 B1380 |7 1 |9 45688 |a Arxiu |b Arxiu |d 2016-12-01 |l 0 |o B-1-380 |p 13058 |r 2016-12-01 00:00:00 |w 2016-12-01 |y ARXIU | ||
| 999 | |c 49188 |d 49188 | ||